000
00318nam a2200133Ia 4500
005
20260328101517.0
008
260328s9999||||xx |||||||||||||| ||und||
100
_a
Bray, Albert
245
0
_a
Le chateau de Fontainbleau /
_c
Albert Bray
260
_b
Vincent Freal
300
_a
48 p.
650
_a
HISTORIA
942
_c
BK
999
_c
9413
_d
9413